[Event "Vlissingen HZ op 25th"]
[Site "Vlissingen"]
[Date "2023.08.06"]
[Round "3"]
[White "Maatman, Nick"]
[Black "Sparenberg, Erik"]
[Result "1-0"]
[WhiteElo "2362"]
[BlackElo "2128"]
[PlyCount "95"]
[EventDate "2023.08.05"]
[EventType "swiss"]
[EventRounds "9"]
[EventCountry "NED"]
[SourceTitle "CBM 215 Extra"]
[Source "ChessBase"]
[SourceDate "2023.09.30"]
[SourceVersion "1"]
[SourceVersionDate "2023.09.30"]
[SourceQuality "1"]

1. Nf3 Nf6 2. c4 c6 3. e3 d5 4. b3 e6 5. Bb2 Be7 6. Nc3 0-0 7. d4 a6 8. Bd3 b5 9. c5 a5 10. a3 Nbd7 11. h3 Re8 12. b4 Qc7 13. Ne2 Ne4 14. Qc2 axb4 15. axb4 Rxa1+ 16. Bxa1 f5 17. Ne5 Bf6 18. f4 Bh4+ 19. Kf1 Ndf6 20. Bc3 Bd7 21. g4 Ra8 22. Kg2 Nf2 23. Ra1 Rxa1 24. Bxa1 Nxd3 25. Qxd3 Ne4 26. Qa3 Be8 27. Qa8 Bd8 28. Bc3 Kf8 29. Be1 Bf6 30. Nf3 Qd8 31. Qb7 Qd7 32. Qa6 Qd8 33. Nc1 g6 34. Nd3 Qc7 35. Bh4 Bxh4 36. Nxh4 Nf6 37. Ne5 Ng8 38. Nhf3 Ke7 39. Qa8 Nf6 40. Ng5 h6 41. Ngf3 Nh7 42. g5 hxg5 43. fxg5 Nf8 44. Nh4 Nh7 45. Nhxg6+ Bxg6 46. Nxg6+ Kf7 47. Ne5+ Kg7 48. h4 1-0

[Event "Hoogeveen op 23rd"]
[Site "Hoogeveen"]
[Date "2019.10.21"]
[Round "4"]
[White "Vestby Ellingsen, Mads"]
[Black "Sparenberg, Erik"]
[Result "1-0"]
[WhiteElo "2363"]
[BlackElo "2142"]
[PlyCount "75"]
[EventDate "2019.10.19"]
[EventType "swiss"]
[EventRounds "9"]
[EventCountry "NED"]
[SourceTitle "CBM 192 Extra"]
[Source "Chessbase"]
[SourceDate "2019.11.06"]
[SourceVersion "1"]
[SourceVersionDate "2019.11.06"]
[SourceQuality "1"]

1. d4 Nf6 2. Bg5 e6 3. e4 h6 4. Bxf6 Qxf6 5. c3 g6 6. Bd3 Bg7 7. Ne2 d6 8. 0-0 e5 9. f4 exd4 10. cxd4 0-0 11. Nbc3 Bg4 12. Qd2 Bxe2 13. Nxe2 Nd7 14. f5 g5 15. Rad1 c5 16. Bb5 Nb6 17. e5 dxe5 18. dxc5 Rfd8 19. Qe3 Nd5 20. Qe4 Nf4 21. Nc3 Bf8 22. g3 Bxc5+ 23. Kh1 Rxd1 24. Nxd1 Qb6 25. Nc3 Nh3 26. Kg2 Nf2 27. Qe2 Rd8 28. Na4 Qd6 29. Nxc5 Qd5+ 30. Kxf2 Qxc5+ 31. Kg2 e4 32. Kh3 e3 33. Bd3 Rd4 34. Rd1 Qd5 35. Qxe3 g4+ 36. Kh4 Qd8+ 37. Kh5 Qd6 38. Qxh6 1-0

[Event "Hoogeveen op 23rd"]
[Site "Hoogeveen"]
[Date "2019.10.19"]
[Round "1"]
[White "Sparenberg, Erik"]
[Black "Werle, Jan"]
[Result "0-1"]
[WhiteElo "2142"]
[BlackElo "2544"]
[PlyCount "92"]
[EventDate "2019.10.19"]
[EventType "swiss"]
[EventRounds "9"]
[EventCountry "NED"]
[SourceTitle "CBM 192 Extra"]
[Source "Chessbase"]
[SourceDate "2019.11.06"]
[SourceVersion "1"]
[SourceVersionDate "2019.11.06"]
[SourceQuality "1"]

1. Nf3 Nf6 2. g3 d5 3. Bg2 Nbd7 4. d4 e6 5. 0-0 b5 6. a4 b4 7. c4 bxc3 8. bxc3 Ba6 9. Re1 Be7 10. Nbd2 0-0 11. e4 c5 12. exd5 Nxd5 13. c4 Nb4 14. Ba3 Rb8 15. d5 exd5 16. Bxb4 Rxb4 17. cxd5 Bf6 18. Ra3 Nb6 19. Ne5 Bxe5 20. Rxe5 Rd4 21. Qc2 Nxd5 22. Nf3 Rc4 23. Qb2 Nb4 24. Qb1 Rc2 25. Rb3 Qc7 26. Ree3 Rd8 27. h4 h6 28. Ne1 Rcd2 29. Qf5 Bc8 30. Qh5 Nd5 31. Re2 Nf6 32. Qe5 Qxe5 33. Rxe5 Be6 34. Rb7 c4 35. Rxa7 Ng4 36. Re4 Nxf2 37. Re3 Ng4 38. Re4 Rc8 39. Bf3 Nf6 40. Re2 c3 41. Nc2 Bb3 42. Rxd2 cxd2 43. Ne3 Rc1+ 44. Kf2 d1Q 45. Ra8+ Kh7 46. Nxd1 Bxd1 0-1

[Event "Vlissingen HZ op 23rd"]
[Site "Vlissingen"]
[Date "2019.08.09"]
[Round "8"]
[White "Sparenberg, Erik"]
[Black "Reichardt, Gert"]
[Result "1-0"]
[WhiteElo "2146"]
[BlackElo "1987"]
[PlyCount "65"]
[EventDate "2019.08.03"]
[EventType "swiss"]
[EventRounds "9"]
[EventCountry "NED"]
[SourceTitle "CBM 191 Extra"]
[Source "ChessBase"]
[SourceDate "2019.09.30"]
[SourceVersion "1"]
[SourceVersionDate "2019.09.30"]
[SourceQuality "1"]

1. e4 c5 2. Nf3 g6 3. d4 cxd4 4. Nxd4 Bg7 5. Be3 Nc6 6. c4 d6 7. Nc3 Nf6 8. Be2 0-0 9. 0-0 a6 10. Rc1 Bd7 11. Nc2 Rc8 12. f3 Na5 13. Na3 Be6 14. Na4 Nd7 15. Qd2 Nc6 16. Nc3 Nc5 17. Nd5 a5 18. Nb5 Bxd5 19. cxd5 Nb4 20. Bc4 Nba6 21. b3 b6 22. a3 Nb8 23. Nd4 Bxd4 24. Qxd4 f6 25. b4 Ncd7 26. Bb5 Rc7 27. Bc6 axb4 28. axb4 Ra7 29. h4 Kf7 30. f4 Kg8 31. Rc3 Na6 32. Ra1 Qc7 33. Rca3 1-0

[Event "Vlissingen HZ op 23rd"]
[Site "Vlissingen"]
[Date "2019.08.08"]
[Round "7"]
[White "Le Clercq, Maxim"]
[Black "Sparenberg, Erik"]
[Result "1/2-1/2"]
[WhiteElo "1970"]
[BlackElo "2146"]
[PlyCount "114"]
[EventDate "2019.08.03"]
[EventType "swiss"]
[EventRounds "9"]
[EventCountry "NED"]
[SourceTitle "CBM 191 Extra"]
[Source "ChessBase"]
[SourceDate "2019.09.30"]
[SourceVersion "1"]
[SourceVersionDate "2019.09.30"]
[SourceQuality "1"]

1. d4 d6 2. e4 Nf6 3. Nc3 g6 4. f4 Bg7 5. Nf3 0-0 6. Bd3 c5 7. dxc5 dxc5 8. 0-0 Nc6 9. Kh1 Nb4 10. Be2 b6 11. e5 Qxd1 12. Rxd1 Ng4 13. Rd2 Ne3 14. Ne1 Bf5 15. Bf3 Rab8 16. Ne4 Nc4 17. Re2 Rbd8 18. b3 Rd1 19. bxc4 Nxc2 20. Nc3 Rxe1+ 21. Rxe1 Nxe1 22. Nd5 e6 23. Ne7+ Kh8 24. Nxf5 gxf5 25. Bh5 Nc2 26. Rb1 f6 27. exf6 Bxf6 28. Kg1 Rd8 29. Kf2 Kg7 30. Rb3 Rd4 31. Be2 Rd7 32. g4 Bd4+ 33. Kg3 fxg4 34. Kxg4 Kf6 35. Rh3 Rg7+ 36. Kf3 Nb4 37. a3 Nc2 38. Rh6+ Ke7 39. Ke4 Bf6 40. Bd3 Nd4 41. Bb2 Kf7 42. Bxd4 Bxd4 43. Kf3 Bb2 44. a4 Bc1 45. Rxh7 Rxh7 46. Bxh7 Bb2 47. Bd3 Bg7 48. Ke4 a5 49. Be2 Kf6 50. Bg4 Bh6 51. h3 Bf8 52. f5 exf5+ 53. Bxf5 Bh6 54. Bg4 Bd2 55. Kd5 Bb4 56. Kc6 Kg5 57. Kxb6 Kh4 1/2-1/2

[Event "Vlissingen HZ op 23rd"]
[Site "Vlissingen"]
[Date "2019.08.05"]
[Round "4"]
[White "Sparenberg, Erik"]
[Black "Baarslag, Ed"]
[Result "1/2-1/2"]
[WhiteElo "2146"]
[BlackElo "2193"]
[PlyCount "116"]
[EventDate "2019.08.03"]
[EventType "swiss"]
[EventRounds "9"]
[EventCountry "NED"]
[SourceTitle "CBM 191 Extra"]
[Source "ChessBase"]
[SourceDate "2019.09.30"]
[SourceVersion "1"]
[SourceVersionDate "2019.09.30"]
[SourceQuality "1"]

1. d4 d5 2. c4 e6 3. Nf3 Nf6 4. g3 dxc4 5. Bg2 a6 6. 0-0 c5 7. dxc5 Qxd1 8. Rxd1 Bxc5 9. Ne5 Ra7 10. Nxc4 b5 11. Bf4 Nfd7 12. Nd6+ Ke7 13. Ne4 Bb6 14. Bd6+ Ke8 15. Nbc3 Bc7 16. Rac1 f5 17. Bxc7 Rxc7 18. Nxb5 Rxc1 19. Rxc1 Nb6 20. Ned6+ Ke7 21. Nxc8+ Rxc8 22. Rxc8 Nxc8 23. Nc3 Nb6 24. e3 Kd6 25. Kf1 Kc5 26. Ke2 Nc4 27. Nd1 Nd7 28. f4 e5 29. e4 exf4 30. gxf4 fxe4 31. Bxe4 Nf6 32. Bd3 a5 33. Bxc4 Kxc4 34. Ne3+ Kd4 35. Nf5+ Ke4 36. Nxg7 Kxf4 37. b3 Ng4 38. h3 Ne5 39. a3 Kg3 40. Ne6 h5 41. Ke3 Kxh3 42. Nf4+ Kg4 43. Nxh5 Kxh5 44. Ke4 Ng4 45. Kd4 Kg5 46. Kc5 Ne3 47. Kb5 Nc2 48. a4 Nd4+ 49. Kxa5 Nxb3+ 50. Kb4 Nd4 51. Kc4 Nf5 52. a5 Ne7 53. a6 Nc8 54. Kc5 Kf6 55. Kc6 Ke7 56. Kc7 Na7 57. Kb7 Kd7 58. Kxa7 Kc7 1/2-1/2

[Event "Vlissingen HZ op 23rd"]
[Site "Vlissingen"]
[Date "2019.08.04"]
[Round "2"]
[White "Sparenberg, Erik"]
[Black "Van de Krol, Sernin"]
[Result "1/2-1/2"]
[WhiteElo "2146"]
[BlackElo "1603"]
[PlyCount "103"]
[EventDate "2019.08.03"]
[EventType "swiss"]
[EventRounds "9"]
[EventCountry "NED"]
[SourceTitle "CBM 191 Extra"]
[Source "ChessBase"]
[SourceDate "2019.09.30"]
[SourceVersion "1"]
[SourceVersionDate "2019.09.30"]
[SourceQuality "1"]

1. e4 c5 2. Nf3 Nc6 3. c3 e6 4. d4 cxd4 5. cxd4 d5 6. e5 Nge7 7. Na3 Nf5 8. Nc2 Be7 9. Bd3 0-0 10. h4 Qa5+ 11. Bd2 Qb6 12. Bc3 f6 13. g4 fxe5 14. gxf5 e4 15. Ne3 exd3 16. Qxd3 Nb4 17. Qe2 exf5 18. Kf1 f4 19. Bxb4 Bxb4 20. Nxd5 Qd6 21. Nxb4 Qxb4 22. a3 Qd6 23. Qe5 Qa6+ 24. Kg2 Bg4 25. Ng5 Rae8 26. Qd5+ Be6 27. Nxe6 f3+ 28. Kh3 Qxe6+ 29. Qxe6+ Rxe6 30. Rhe1 Re2 31. Rxe2 fxe2 32. Re1 Re8 33. Kg3 Rd8 34. Rxe2 Rxd4 35. Re3 Rd7 36. Rf3 Rd6 37. Rf5 a6 38. Rf4 Rb6 39. b4 Rg6+ 40. Kf3 Rc6 41. a4 Re6 42. Rc4 Kf7 43. Kg4 Kf6 44. Rf4+ Ke7 45. Rd4 Kf6 46. f4 g6 47. Rd7 h5+ 48. Kf3 Re7 49. Rd6+ Re6 50. Rd7 Re7 51. Rd6+ Re6 52. Rd7 1/2-1/2

[Event "Groningen op 56th"]
[Site "Groningen"]
[Date "2018.12.30"]
[Round "9"]
[White "Sparenberg, Erik"]
[Black "Theulings, Paul Peter"]
[Result "1/2-1/2"]
[WhiteElo "2215"]
[BlackElo "2098"]
[PlyCount "35"]
[EventDate "2018.12.22"]
[EventType "swiss"]
[EventRounds "9"]
[EventCountry "NED"]
[SourceTitle "CBM 188 Extra"]
[Source "ChessBase"]
[SourceDate "2019.02.28"]
[SourceVersion "1"]
[SourceVersionDate "2019.02.28"]
[SourceQuality "1"]

1. e4 Nf6 2. e5 Nd5 3. d4 d6 4. c4 Nb6 5. exd6 exd6 6. Bd3 Be7 7. Nc3 Nc6 8. Be3 Bf6 9. Nge2 0-0 10. h3 Nb4 11. 0-0 Nxd3 12. Qxd3 c6 13. Ng3 Be6 14. b3 d5 15. c5 Nc8 16. Nge2 Ne7 17. Nf4 g6 18. Rae1 1/2-1/2

[Event "Groningen op 56th"]
[Site "Groningen"]
[Date "2018.12.29"]
[Round "8"]
[White "Van Baar, Esper"]
[Black "Sparenberg, Erik"]
[Result "1/2-1/2"]
[WhiteElo "2205"]
[BlackElo "2215"]
[PlyCount "69"]
[EventDate "2018.12.22"]
[EventType "swiss"]
[EventRounds "9"]
[EventCountry "NED"]
[SourceTitle "CBM 188 Extra"]
[Source "ChessBase"]
[SourceDate "2019.02.28"]
[SourceVersion "1"]
[SourceVersionDate "2019.02.28"]
[SourceQuality "1"]

1. d4 d5 2. g3 Nf6 3. Bg2 e6 4. Nf3 Be7 5. 0-0 0-0 6. b3 Nbd7 7. Bb2 Ne4 8. Nbd2 Nxd2 9. Nxd2 f5 10. c4 c6 11. a4 Bf6 12. Rc1 Qe7 13. e3 g6 14. Re1 Bg7 15. Nb1 Rd8 16. Ba3 Qf7 17. cxd5 exd5 18. b4 Nb6 19. Nd2 a6 20. Qb3 Bf8 21. Bb2 Be6 22. Bf1 Bd6 23. Rc2 h5 24. h4 Qe7 25. Bc3 Nd7 26. f4 Nf6 27. Rb2 b5 28. Ra2 Ne4 29. Nxe4 dxe4 30. Qb2 Bxa2 31. Qxa2+ Qf7 32. Qxf7+ Kxf7 33. a5 Ke7 34. Rc1 Rac8 35. Be1 1/2-1/2

[Event "Groningen op 56th"]
[Site "Groningen"]
[Date "2018.12.27"]
[Round "6"]
[White "Duson, Robin"]
[Black "Sparenberg, Erik"]
[Result "0-1"]
[WhiteElo "1951"]
[BlackElo "2215"]
[PlyCount "40"]
[EventDate "2018.12.22"]
[EventType "swiss"]
[EventRounds "9"]
[EventCountry "NED"]
[SourceTitle "CBM 188 Extra"]
[Source "ChessBase"]
[SourceDate "2019.02.28"]
[SourceVersion "1"]
[SourceVersionDate "2019.02.28"]
[SourceQuality "1"]

1. d4 Nf6 2. c4 g6 3. Nc3 Bg7 4. e4 d6 5. Be2 0-0 6. Be3 e5 7. d5 Ne8 8. g4 f5 9. gxf5 gxf5 10. f3 Bh6 11. Qd2 Qh4+ 12. Kd1 f4 13. Bxa7 Rxa7 14. c5 Qf2 15. Nb5 Ra8 16. cxd6 cxd6 17. Rc1 Bd7 18. Qb4 Na6 19. Qa3 Bxb5 20. Bxb5 Nac7 0-1

[Event "Groningen op 56th"]
[Site "Groningen"]
[Date "2018.12.26"]
[Round "5"]
[White "Sparenberg, Erik"]
[Black "De Groot, Hendrik"]
[Result "0-1"]
[WhiteElo "2215"]
[BlackElo "2128"]
[PlyCount "48"]
[EventDate "2018.12.22"]
[EventType "swiss"]
[EventRounds "9"]
[EventCountry "NED"]
[SourceTitle "CBM 188 Extra"]
[Source "ChessBase"]
[SourceDate "2019.02.28"]
[SourceVersion "1"]
[SourceVersionDate "2019.02.28"]
[SourceQuality "1"]

1. Nf3 d5 2. g3 Nf6 3. Bg2 g6 4. 0-0 Bg7 5. d4 0-0 6. c4 c6 7. cxd5 cxd5 8. Nc3 Nc6 9. Ne5 Be6 10. Bf4 Rc8 11. Nxc6 Rxc6 12. Be5 Qa5 13. a3 Rfc8 14. Qd2 Ne8 15. e4 Bxe5 16. exd5 Bxd5 17. Bxd5 Rxc3 18. Bxb7 Rxg3+ 19. hxg3 Qxd2 20. Bxc8 Bxd4 21. Bg4 Qg5 22. Bf3 Qxg3+ 23. Bg2 Nf6 24. Rad1 Ng4 0-1

[Event "Hoogeveen op 22nd"]
[Site "Hoogeveen"]
[Date "2018.10.24"]
[Round "6"]
[White "Sparenberg, Erik"]
[Black "Hilwerda, Jonas"]
[Result "1-0"]
[WhiteElo "2224"]
[BlackElo "2109"]
[PlyCount "155"]
[EventDate "2018.10.20"]
[EventType "swiss"]
[EventRounds "9"]
[EventCountry "NED"]
[SourceTitle "CBM 187 Extra"]
[Source "ChessBase"]
[SourceDate "2018.11.04"]
[SourceVersion "1"]
[SourceVersionDate "2018.11.04"]
[SourceQuality "1"]

1. e4 e5 2. Nf3 Nc6 3. Bb5 a6 4. Ba4 d6 5. c3 f5 6. d3 Nf6 7. Nbd2 fxe4 8. dxe4 Bd7 9. b4 h6 10. 0-0 g5 11. Ne1 Bg7 12. Bb3 Qe7 13. Nc2 Nd8 14. Ne3 Nf7 15. Re1 h5 16. Ndf1 h4 17. Nd5 Nxd5 18. Qxd5 c6 19. Qxf7+ Qxf7 20. Bxf7+ Kxf7 21. Bxg5 Rh5 22. Be3 Be6 23. Nd2 Rd8 24. Nb3 Bxb3 25. axb3 d5 26. Bb6 Rd7 27. Rad1 Ke6 28. Rd3 Bf6 29. Red1 Rhh7 30. f3 Rhg7 31. Be3 Rg8 32. h3 Rdg7 33. R1d2 Rd7 34. Kf1 Rgg7 35. Rd1 Rg8 36. R3d2 Rg6 37. Re1 Rg8 38. Rd3 Rdg7 39. Re2 Rd7 40. exd5+ Rxd5 41. Red2 Rgd8 42. Ke2 Rg8 43. Kf1 Rgd8 44. Rxd5 cxd5 45. Bc5 Rc8 46. c4 d4 47. f4 Rd8 48. fxe5 Bxe5 49. Kf2 Rd7 50. Rd3 Kf5 51. Kf3 Rg7 52. Bxd4 Rg3+ 53. Ke2 Rxg2+ 54. Kf1 Rg3 55. Rxg3 Bxg3 56. Ke2 Ke4 57. Bf6 Kf5 58. Be7 Ke4 59. Bd8 Kd4 60. Bf6+ Ke4 61. b5 axb5 62. cxb5 Kf5 63. Bd8 Ke4 64. Be7 Kd4 65. Kf3 Kc3 66. Kg4 Kxb3 67. Bxh4 Bd6 68. Bf6 Kc4 69. b6 Kc5 70. Bd8 Kc6 71. h4 Kd7 72. Bc7 Bc5 73. Kf5 Ke7 74. Kg6 Kf8 75. h5 Bd4 76. h6 Kg8 77. Bd6 Kh8 78. Be7 1-0

[Event "Hoogeveen op 22nd"]
[Site "Hoogeveen"]
[Date "2018.10.22"]
[Round "3"]
[White "Iniyan, Panneerseluam"]
[Black "Sparenberg, Erik"]
[Result "0-1"]
[WhiteElo "2476"]
[BlackElo "2224"]
[PlyCount "66"]
[EventDate "2018.10.20"]
[EventType "swiss"]
[EventRounds "9"]
[EventCountry "NED"]
[SourceTitle "CBM 187 Extra"]
[Source "ChessBase"]
[SourceDate "2018.11.04"]
[SourceVersion "1"]
[SourceVersionDate "2018.11.04"]
[SourceQuality "1"]

1. Nf3 Nf6 2. c4 g6 3. g3 Bg7 4. Bg2 0-0 5. 0-0 d6 6. Nc3 a6 7. Rb1 Nc6 8. b4 e5 9. d3 Re8 10. Nd2 Ne7 11. a4 c6 12. b5 axb5 13. axb5 d5 14. Qb3 Be6 15. Ba3 Nf5 16. Qb2 Qd7 17. Nb3 dxc4 18. Nc5 Qc8 19. N3a4 Rxa4 20. Nxa4 cxd3 21. exd3 Nd4 22. bxc6 bxc6 23. Bc5 Nb3 24. Be3 Qa6 25. Nb6 Qxd3 26. Rfd1 Qb5 27. Rd6 Bf5 28. Bxc6 Qb4 29. Rxf6 Bxb1 30. Nd5 Qe1+ 31. Kg2 Be4+ 32. Rf3 Bxf3+ 33. Kxf3 e4+ 0-1

[Event "Dieren op"]
[Site "Dieren"]
[Date "2018.08.02"]
[Round "9"]
[White "Geurink, Jasper"]
[Black "Sparenberg, Erik"]
[Result "1/2-1/2"]
[WhiteElo "2348"]
[BlackElo "2173"]
[PlyCount "82"]
[EventDate "2018.07.24"]
[EventType "tourn"]
[EventRounds "9"]
[EventCountry "NED"]
[SourceTitle "CBM 185 Extra"]
[Source "ChessBase"]
[SourceDate "2018.07.29"]
[SourceVersion "1"]
[SourceVersionDate "2018.07.29"]
[SourceQuality "1"]

1. e4 g6 2. d4 Bg7 3. c3 d6 4. Nf3 Nf6 5. Bd3 0-0 6. 0-0 Nbd7 7. Re1 e5 8. d5 Nh5 9. Bf1 Qe8 10. c4 f5 11. exf5 gxf5 12. Ng5 Ndf6 13. c5 dxc5 14. Qb3 b6 15. Bb5 Qg6 16. Bc6 Rb8 17. Nc3 Kh8 18. Ne6 Rg8 19. g3 Ng4 20. Ne2 Bxe6 21. dxe6 e4 22. Nf4 Nxf4 23. Bxf4 Bd4 24. Kg2 Qh5 25. h4 Nxf2 26. Rad1 Nxd1 27. Rxd1 Qe2+ 28. Kh1 Rg4 29. Bb5 Qf2 30. Rf1 Qxb2 31. Qxb2 Bxb2 32. Bxc7 Rc8 33. e7 Rgg8 34. Bd6 c4 35. Rxf5 Bg7 36. Bd7 Ra8 37. Re5 c3 38. Rxe4 Rge8 39. Rc4 Bf6 40. Bxe8 Rxe8 41. Bb4 Kg7 1/2-1/2

[Event "Dieren op"]
[Site "Dieren"]
[Date "2018.08.01"]
[Round "8"]
[White "Sparenberg, Erik"]
[Black "Hendriks, Willy"]
[Result "0-1"]
[WhiteElo "2173"]
[BlackElo "2417"]
[PlyCount "80"]
[EventDate "2018.07.24"]
[EventType "tourn"]
[EventRounds "9"]
[EventCountry "NED"]
[SourceTitle "CBM 185 Extra"]
[Source "ChessBase"]
[SourceDate "2018.07.29"]
[SourceVersion "1"]
[SourceVersionDate "2018.07.29"]
[SourceQuality "1"]

1. d4 Nf6 2. g3 g6 3. Bg2 Bg7 4. e4 d6 5. Ne2 0-0 6. 0-0 e5 7. c3 c6 8. Nd2 Nbd7 9. b3 Re8 10. Bb2 d5 11. exd5 cxd5 12. c4 e4 13. cxd5 Nb6 14. Nc3 Bg4 15. Qc2 Rc8 16. Rfe1 Bf5 17. Ndxe4 Nxe4 18. Bxe4 Rxe4 19. Rxe4 Nxd5 20. Rae1 Bxe4 21. Rxe4 Nxc3 22. Bxc3 Qc7 23. b4 Bf8 24. Re3 Bxb4 25. d5 Bxc3 26. d6 Qxd6 27. Rxc3 Rxc3 28. Qxc3 Qd1+ 29. Kg2 Qd5+ 30. Kg1 h5 31. a3 a5 32. h4 a4 33. Qc8+ Kg7 34. Qc3+ Kh7 35. Qb4 b5 36. Qf8 Qb3 37. Kg2 b4 38. axb4 a3 39. b5 a2 40. Qa8 Qb1 0-1

[Event "Dieren op"]
[Site "Dieren"]
[Date "2018.07.31"]
[Round "7"]
[White "Saravanan, Venkat"]
[Black "Sparenberg, Erik"]
[Result "0-1"]
[WhiteElo "2326"]
[BlackElo "2173"]
[PlyCount "88"]
[EventDate "2018.07.24"]
[EventType "tourn"]
[EventRounds "9"]
[EventCountry "NED"]
[SourceTitle "CBM 185 Extra"]
[Source "ChessBase"]
[SourceDate "2018.07.29"]
[SourceVersion "1"]
[SourceVersionDate "2018.07.29"]
[SourceQuality "1"]

1. d4 d5 2. c4 c6 3. Nf3 Nf6 4. e3 e6 5. Nc3 Nbd7 6. Qc2 a6 7. Bd3 dxc4 8. Bxc4 b5 9. Be2 Bb7 10. a4 b4 11. Ne4 Rc8 12. 0-0 c5 13. Nxf6+ Nxf6 14. a5 Be7 15. Qa4+ Qd7 16. dxc5 Rxc5 17. Qxd7+ Nxd7 18. Bd2 Rc2 19. Rfd1 Nc5 20. Nd4 Rxd2 21. Rxd2 e5 22. Nf5 Nb3 23. Nxg7+ Kf8 24. Rd7 Bc8 25. Rad1 Bxd7 26. Rxd7 Kxg7 27. Rxe7 Rc8 28. g3 Nxa5 29. Rxe5 Nc4 30. Re4 Nxb2 31. Rxb4 Rc1+ 32. Kg2 Rc2 33. Kf3 a5 34. Rb7 a4 35. Ra7 Kf6 36. g4 Ke6 37. g5 Kd6 38. Rxf7 Rc7 39. Rf6+ Kc5 40. Ra6 Kb4 41. h4 a3 42. Ke4 Na4 43. Ke5 a2 44. Bd1 a1Q+ 0-1

[Event "Dieren op"]
[Site "Dieren"]
[Date "2018.07.24"]
[Round "1"]
[White "Lai, Hing Ting"]
[Black "Sparenberg, Erik"]
[Result "1-0"]
[WhiteElo "2447"]
[BlackElo "2173"]
[PlyCount "79"]
[EventDate "2018.07.24"]
[EventType "tourn"]
[EventRounds "9"]
[EventCountry "NED"]
[SourceTitle "CBM 185 Extra"]
[Source "ChessBase"]
[SourceDate "2018.07.29"]
[SourceVersion "1"]
[SourceVersionDate "2018.07.29"]
[SourceQuality "1"]

1. c4 Nf6 2. Nf3 e6 3. d4 d5 4. g3 Be7 5. Bg2 0-0 6. 0-0 c6 7. Qc2 b6 8. b3 Bb7 9. Nc3 Nbd7 10. Rd1 Rc8 11. e4 Nxe4 12. Nxe4 dxe4 13. Qxe4 Qc7 14. Bf4 Bd6 15. Bxd6 Qxd6 16. c5 Qe7 17. b4 Ba6 18. Qc2 Qf6 19. Qc3 Be2 20. Ne5 Nb8 21. Rd2 Bh5 22. a4 Qe7 23. cxb6 axb6 24. a5 bxa5 25. bxa5 c5 26. a6 cxd4 27. Qxd4 Nxa6 28. Rxa6 Rc1+ 29. Bf1 Rxf1+ 30. Kxf1 Qb7 31. Rc6 f6 32. Qb6 Qa8 33. Nd3 Rd8 34. Ra2 Qxa2 35. Qxd8+ Kf7 36. Qd7+ Kg6 37. Nf4+ Kh6 38. Kg2 Qb1 39. Qxe6 Qd1 40. Qe3 1-0

[Event "Groningen op-A 55th"]
[Site "Groningen"]
[Date "2017.12.30"]
[Round "9"]
[White "Sparenberg, Erik"]
[Black "Damen, Jip"]
[Result "1/2-1/2"]
[WhiteElo "2188"]
[BlackElo "2105"]
[PlyCount "23"]
[EventDate "2017.12.22"]
[EventType "swiss"]
[EventRounds "9"]
[EventCountry "NED"]
[SourceTitle "CBM 182 Extra"]
[Source "ChessBase"]
[SourceDate "2018.02.23"]
[SourceVersion "1"]
[SourceVersionDate "2018.02.23"]
[SourceQuality "1"]

1. d4 Nf6 2. c4 e6 3. Nf3 c5 4. d5 exd5 5. cxd5 g6 6. Nc3 Bg7 7. g3 0-0 8. Bg2 d6 9. 0-0 a6 10. a4 Re8 11. h3 Ne4 12. Nxe4 1/2-1/2

[Event "Groningen op-A 55th"]
[Site "Groningen"]
[Date "2017.12.28"]
[Round "7"]
[White "Sparenberg, Erik"]
[Black "Hommes, Elmar"]
[Result "1-0"]
[WhiteElo "2188"]
[BlackElo "2039"]
[PlyCount "113"]
[EventDate "2017.12.22"]
[EventType "swiss"]
[EventRounds "9"]
[EventCountry "NED"]
[SourceTitle "CBM 182 Extra"]
[Source "ChessBase"]
[SourceDate "2018.02.23"]
[SourceVersion "1"]
[SourceVersionDate "2018.02.23"]
[SourceQuality "1"]

1. e4 e5 2. Nf3 Nc6 3. Bb5 a6 4. Ba4 Nf6 5. 0-0 d6 6. c3 b5 7. Bc2 g6 8. a4 Rb8 9. axb5 axb5 10. d4 exd4 11. cxd4 Bg4 12. Be3 Bg7 13. h3 Bc8 14. Nbd2 0-0 15. Bb1 Bb7 16. Qb3 Ra8 17. Bd3 Na5 18. Qb4 c5 19. dxc5 dxc5 20. Bxc5 Qxd3 21. Rxa5 Rfe8 22. Rxa8 Bxa8 23. Re1 Nd7 24. Bd4 Ne5 25. Bxe5 Bxe5 26. Nxe5 Rxe5 27. Re3 Qd7 28. Nf3 Re6 29. Qd4 Rd6 30. Qe5 Re6 31. Qb8+ Re8 32. Qf4 Qd1+ 33. Kh2 Qc2 34. Ne5 Qc7 35. Nxg6 Qxf4+ 36. Nxf4 Rxe4 37. Rxe4 Bxe4 38. Nh5 Kf8 39. Nf6 Bd3 40. Nd5 Bc4 41. Ne3 Bd3 42. b4 Ke7 43. Kg3 Ke6 44. Kf4 f6 45. g3 Be2 46. Ke4 h5 47. h4 Ke7 48. Nf5+ Kf7 49. Kd5 Bd3 50. Nd4 Kg6 51. Kc5 Bf1 52. Nxb5 Kf5 53. f3 Ke5 54. Nd4 f5 55. Nc6+ Ke6 56. f4 Bg2 57. Nd4+ 1-0

[Event "Groningen op-A 55th"]
[Site "Groningen"]
[Date "2017.12.24"]
[Round "4"]
[White "Sparenberg, Erik"]
[Black "Lubbe, Nikolas"]
[Result "0-1"]
[WhiteElo "2188"]
[BlackElo "2474"]
[PlyCount "62"]
[EventDate "2017.12.22"]
[EventType "swiss"]
[EventRounds "9"]
[EventCountry "NED"]
[SourceTitle "CBM 182 Extra"]
[Source "ChessBase"]
[SourceDate "2018.02.23"]
[SourceVersion "1"]
[SourceVersionDate "2018.02.23"]
[SourceQuality "1"]

1. e4 c5 2. Nf3 d6 3. d4 cxd4 4. Nxd4 Nf6 5. Nc3 Nc6 6. Bg5 Qb6 7. Nb3 e6 8. Qd2 Be7 9. 0-0-0 0-0 10. h4 Rd8 11. f3 a6 12. Be3 Qc7 13. Qf2 Nd7 14. g4 b5 15. g5 Nce5 16. h5 b4 17. Ne2 Nc4 18. g6 Nxe3 19. gxf7+ Kxf7 20. Qxe3 Bf6 21. f4 Nb6 22. Ned4 e5 23. Nf3 Bg4 24. f5 Nc4 25. Qe2 Nxb2 26. Rd5 Rac8 27. Rh2 Qc3 28. Qxa6 Bxf3 29. Rxd6 Bg5+ 30. Kb1 Nd1 31. Qb7+ Kf8 0-1

[Event "Hoogeveen op 21st"]
[Site "Hoogeveen"]
[Date "2017.10.25"]
[Round "6"]
[White "Sparenberg, Erik"]
[Black "Warakomska, Anna"]
[Result "1/2-1/2"]
[WhiteElo "2175"]
[BlackElo "2295"]
[PlyCount "70"]
[EventDate "2017.10.21"]
[EventType "swiss"]
[EventRounds "9"]
[EventCountry "NED"]
[SourceTitle "CBM 181 Extra"]
[Source "ChessBase"]
[SourceDate "2017.12.12"]
[SourceVersion "1"]
[SourceVersionDate "2017.12.12"]
[SourceQuality "1"]

1. e4 e5 2. Nf3 Nc6 3. Bb5 a6 4. Ba4 Nf6 5. 0-0 Be7 6. Re1 b5 7. Bb3 d6 8. c3 0-0 9. h3 Nb8 10. d4 Nbd7 11. Nbd2 Bb7 12. Bc2 Re8 13. Nf1 Bf8 14. Ng3 g6 15. b3 Bg7 16. d5 Qb8 17. Be3 c6 18. c4 Rc8 19. Qd2 bxc4 20. bxc4 a5 21. Rab1 Qc7 22. Ba4 c5 23. Bb5 a4 24. Bh6 Ba6 25. Bxg7 Kxg7 26. Bxd7 Nxd7 27. Qg5 f6 28. Nh5+ Kf7 29. Qh6 gxh5 30. Qxh7+ Ke8 31. Qxh5+ Ke7 32. Qh7+ Ke8 33. Qh5+ Kd8 34. Qh8+ Ke7 35. Qh7+ Ke8 1/2-1/2